000 00318nam a22001337a 4500
008 181017b xxu||||| |||| 00| 0 eng d
020 _a9780618000739
041 _aeng
080 _22nd
_a940
100 _a16
101 _aSHH
245 _aThe Earth and its People a Global History
_cBulliet,R.W
942 _2udc
_cBK
999 _c50014
_d50014